000 00408pam a2200157a 44500
008 230515b1974 xxu||||| |||| 00| 0 eng d
020 _aNULL
041 _aENGLISH
082 _a630
100 _a2500-1973
245 _aSAMPLING INSPECTION TABLES PART- I INSPECTION BY ATTRIBUTES AND BY COUNT OF DEFECTS(FIRST REVISION)
250 _a0
260 _aDELHI
_bISI
_c1974
300 _a34
650 _aNULL
999 _c651851
_d651851